| 000 | 01393cad a22002295a 4500 | ||
|---|---|---|---|
| 001 | L145675 | ||
| 008 | 081030s2008 xxkad f s 000 0 eng d | ||
| 035 | _a(Sirsi) u145675 | ||
| 041 | 0 | _aeng | |
| 050 | 0 | 4 | _a333.33 $2 18 |
| 110 | 2 |
_aDeloitte _95633 |
|
| 245 | 0 | 0 |
_aGlobal economic outlook _bfourth quarter _h[electronic resource] |
| 260 |
_aLondon _bDeloitte _c2008 |
||
| 490 | 0 |
_aGlobal Economic Outlook _vFourth Quarter 2008 |
|
| 520 | _aReviews the key events of the credit crunch and the subsequent policy responses on the global economic crisis of 2008. Evaluates the successes and failures of these different policy responses whilst placing the crisis into an historical perspective and makes tentative forecasts. Discusses three important issues overshadowed by the financial crisis: the price of oil; the outlook for inflation in both developed and emerging countries and the impact of exchange rate policy in emerging markets. Concludes with outlooks for the economies of the United States, United Kingdom, Eurozone, Russia, India, China, Japan, and Brazil. | ||
| 590 | _aKA NTK | ||
| 650 | 2 | 4 | _aDELOITTE GLOBAL ECONOMIC OUTLOOK |
| 651 | 4 | _aInternational | |
| 690 | _aPROPERTY-COMMERCIAL PROPERTY-COMMERCIAL PROPERTY MARKET | ||
| 856 | 4 | 0 |
_uhttps://www.deloitte.com/dtt/article/0,1002,cid%253D230064,00.html _zView this item free of charge at www.deloitte.com... |
| 942 | _n0 | ||
| 999 |
_c108854 _d108854 |
||